| 000 | 00470nam a2200157 i 4500 | ||
|---|---|---|---|
| 001 | 40360 | ||
| 003 | ES-MaACL | ||
| 005 | 20230906160213.0 | ||
| 007 | t| | ||
| 008 | 030305s1888 fr ||||1| fre d | ||
| 100 | 1 |
_aCarrau, Ludovic. _935590 |
|
| 245 | 1 | 3 |
_aLa philosopie religieuse en Anglaterre depuis Locke jusqu'a nos jours / _cpar Ludovic Carrau. |
| 260 |
_aParis : _b[s.n., _c1888] ( _fTours E. Arrault) |
||
| 300 |
_a295 p. ; _c22 cm. |
||
| 852 |
_aES-MaACL _jB-6233 |
||
| 999 |
_c40360 _d40360 |
||